Vista normal Vista MARC

Entrada Nombre personal

Número de registros utilizados en: 1

001 - NÚMERO DE CONTROL

  • Campo de control: 37015

003 - IDENTIFICADOR DE NÚMERO DE CONTROL

  • Campo de control: OSt

005 - FECHA Y HORA DE LA ULTIMA MODIFICACION

  • Campo de control: 20180403114647.0

008 - ELEMENTOS DE DATOS DE LONGITUD FIJA

  • Campo de longitud fija: 151023|| aca||aabn | a|a d

040 ## - FUENTE DE LA CATALOGACIÓN

  • Agencia original de catalogación: OSt

100 1# - ENCABEZAMIENTO--NOMBRE DE PERSONA

  • Nombre personal: Bolaños, Juan Luis

670 ## - FUENTE DE DATOS ENCONTRADOS

  • Fuente de citación: El Salvador imprescindible, 03-04-2018